Statistics for 20 Questions About France

Click here to take the quiz!

General Stats

  • This quiz has been taken 24,886 times
    (24,862 since last reset)
  • The average score is 10 of 20

Answer Stats

Hint Answer % Correct
What is the biggest museum in Paris?Le Louvre
92%
What gigantic palace did Louis XIV construct near Paris?Versailles
81%
What American monument was designed by the sculptor Auguste Bartholdi
and the engineer Gustave Eiffel?
The Statue of Liberty
74%
What is the name of the French president elected in 2017?Emmanuel Macron
73%
Who wrote "Les Miserables"?Victor Hugo
72%
What is the word for "restaurant" in French?Restaurant
64%
In what year did the French Revolution start?1789
60%
What country shares France's shortest border (4.4km)?Monaco
58%
What is the highest mountain of France (4810m)?Mont Blanc
58%
What Nobel Prize-winning humanitarian group was founded by French doctors in 1971?Médecins Sans
Frontières
54%
What is the longest river in France (1012km)?Loire
48%
What non-European country shares France's longest border (730km)?Brazil
47%
What is the name of the electronic music duo Guy-Manuel de Homem
and Thomas Bangalter?
Daft Punk
46%
What is the name of the fast train linking Paris to London?Eurostar
41%
What is the capital city of Alsace?Strasbourg
40%
Which French manufacturer provided the engines of Red Bull Racing's
formula one until 2019?
Renault
36%
What are "Moulin à vent", "Saint Estèphe" and "Côte de Beaune"?Wines
25%
What French video game publisher made "Splinter Cell" and "Assassin's Creed"?Ubisoft
23%
Who plays the main character in "The Artist"?Jean Dujardin
20%
Who was the first king of France (481-511)?Clovis
20%

Score Distribution

Percentile by Number Answered

Percent of People with Each Score

Your Score History

You have not taken this quiz since the last reset